Royal Families & Dynasties of the World - Statistics

General Stats
  • This quiz has been taken 391 times
  • The average score is 16 of 38
Answer Stats
Hint Answer % Correct
United Kingdom Windsor
93%
Spain Bourbon
85%
France (Kingdom) Bourbon
82%
Two Sicilies/Naples Bourbon-Two Sicilies
79%
Austria-Hungary Hapsburg
79%
Mexico Hapsburg
79%
Russia Romanov
78%
France (Empire) Bonaparte
69%
Netherlands Orange
68%
Germany/Prussia Hohenzollern
59%
Romania Hohenzollern-Sigmaringen
59%
Monaco Grimaldi
53%
China Aisin-Gioro
51%
Saudi Arabia Saud
49%
Sweden Bernadotte
48%
Italy Savoy
47%
Belgium Saxe-Coburg-Gotha
45%
Bulgaria Saxe-Coburg-Gotha
45%
Ottoman Empire/Turkey Osman
40%
Portugal Braganza
38%
Brazil Braganza
38%
Denmark Schleswig-Holstein-Sonderburg-Glucksburg
38%
Norway Schleswig-Holstein-Sonderburg-Glucksburg
38%
Greece Schleswig-Holstein-Sonderburg-Glucksburg
38%
Luxembourg Nassau-Weilburg
33%
Iran/Persia Pahlavi
28%
Liechtenstein Liechtenstein
27%
Bavaria Wittelsbach
26%
Korea Joseon
22%
Albania Zogu
22%
Japan Yamato
20%
Vietnam Nguyen
13%
Egypt Muhammad Ali
8%
Serbia/Yugoslavia Karageorgevitch
7%
Thailand Chakri
6%
Montenegro Petrović-Njegoš
6%
Libya Senussi
6%
Hawaii Kalakaua
3%
No matching quizzes found
Score Distribution
Percent of People with Each Score
Percentile by Number Answered
Your Score History
You have not taken this quiz